| 000 | 00589nam a2200157 i 4500 | ||
|---|---|---|---|
| 001 | 29000 | ||
| 003 | ES-MaACL | ||
| 007 | t| | ||
| 008 | 030120s1968 ho ||||1| spa d | ||
| 110 | 2 |
_aBanco Nacional de Fomento (Honduras). _bOficina Plan Tabacalero. _92135 |
|
| 245 | 1 | 0 |
_aEstudio sobre la cosecha 1967-68 _b: zona central y oriental / _cBanco Nacional de Fomento (Honduras). Oficina Plan Tabacalero ; preparado por: Isidoro Beraja. |
| 260 |
_aTegucigalpa : _b[s.n., _c1968] |
||
| 300 |
_a126 h. ; _c28 cm. |
||
| 700 | 1 |
_aBeraja, Isidoro. _927819 |
|
| 852 |
_aES-MaACL _jE-8240 _bR.92842 |
||
| 999 |
_c29000 _d29000 |
||